Bách khoa toàn thư thực hành hội họa

Tên sách tiếng Pháp: Encyclopédie pratique du dessin; Đại cương về hội hoạ và hướng dẫn phương pháp sử dụng dụng cụ vẽ và cách vẽ các loại tranh về người, về động vật, phong cảnh, phối cảnh, tạo mảng, bố cục bức tranh. Giới thiệu những ta...

全面介绍

Đã lưu trong:
书目详细资料
主要作者: Arestein, Jean
其他作者: Trịnh, Phương Thảo
格式: 图书
语言:Undetermined
出版: Thanh Hóa ; Tp. Hồ Chí Minh Nxb. Thanh Hóa ; Công ty Văn hóa Văn Lang 2018
主题:
在线阅读:http://lrc.tdmu.edu.vn/opac/search/detail.asp?aID=2&ID=40902
标签: 添加标签
没有标签, 成为第一个标记此记录!
Thư viện lưu trữ: Trung tâm Học liệu Trường Đại học Thủ Dầu Một
LEADER 01302nam a2200217Ia 4500
001 TDMU_40902
008 210410s9999 xx 000 0 und d
082 |a 398.209597 
090 |b A109 
100 |a Arestein, Jean 
245 0 |a Bách khoa toàn thư thực hành hội họa 
245 0 |c Jean Arestein ; Trịnh Phương Thảo (dịch) 
260 |a Thanh Hóa ; Tp. Hồ Chí Minh 
260 |b Nxb. Thanh Hóa ; Công ty Văn hóa Văn Lang 
260 |c 2018 
300 |a 317tr. 
520 |a Tên sách tiếng Pháp: Encyclopédie pratique du dessin; Đại cương về hội hoạ và hướng dẫn phương pháp sử dụng dụng cụ vẽ và cách vẽ các loại tranh về người, về động vật, phong cảnh, phối cảnh, tạo mảng, bố cục bức tranh. Giới thiệu những tác phẩm nổi tiếng của các bậc danh hoạ như Picasso, Van Gogh... cùng một vài nhận xét về hội hoạ hiện đại 
650 |a Hội họa  |x Thực hành  |v Bách khoa thư 
700 |a Trịnh, Phương Thảo 
856 |u http://lrc.tdmu.edu.vn/opac/search/detail.asp?aID=2&ID=40902 
980 |a Trung tâm Học liệu Trường Đại học Thủ Dầu Một